| 000 | 01343cam a2200289 i 4500 | ||
|---|---|---|---|
| 003 | SA-RiAUC | ||
| 005 | 20250116065102.0 | ||
| 008 | 250115s1982 le g 00000 ara c | ||
| 040 |
_aSA-JeALM _bara _cSA-RiAUC _erda |
||
| 082 | 0 | 4 | _a212.8 |
| 090 |
_a212.8 _b ش و ك |
||
| 100 | 1 |
_aالشوكاني، محمد بن علي بن محمد، _d1173-1250 هجري _eمؤلف. |
|
| 245 | 1 | 0 |
_aطلب العلم وطبقات المتعلمين، أو، أدب الطلب ومنتهى الأرب / _cتأليف محمد بن علي الشوكاني. |
| 246 | 3 | 3 | _aأدب الطلب ومنتهى الأرب |
| 250 | _aالطبعة الأولى. | ||
| 264 | 1 |
_aبيروت : _aمكة المكرمة : _bدار الكتب العلمية ؛ _bعباس أحمد الباز، _c1982 |
|
| 300 |
_a164 صفحة ؛ _c24 سم |
||
| 336 |
_aنص _btxt _2rdacontent _3كتاب |
||
| 337 |
_aبدون وسيط _bn _2rdamedia |
||
| 338 |
_aمجلد _bnc _2rdacarrier |
||
| 500 | _aتوجد ملاحظات من الشيخ الدكتور عبدالوهاب أبو سليمان رحمه الله في داخل الكتاب. | ||
| 650 | 7 |
_aآداب طالب العلم _2aucsh |
|
| 650 | 7 |
_aالآداب الإسلامية _2aucsh |
|
| 650 | 7 |
_aالأخلاق الإسلامية _2aucsh |
|
| 942 |
_2ddc _cBOOK _n0 |
||
| 949 |
_aSA-JeALM _d250115 _umohamedma123 _n1 |
||
| 999 |
_c4841 _d4841 |
||